Káblové koncovky pre zapúzdrené SF6 rozvádzače

Bibliographic Details
Main Authors: Žarnovičan, Juraj (Author), Mikuš, Štefan (Author)
Format: Article
Language:Slovak
PhysicalDescription:Obr. 1., lit. 2 zázn. v slov., češ.
Subjects:

MARC

LEADER 00000nab a2200000 a 4500
001 vtls000241021
003 SK-MaSNL
005 20260302212101.0
008 111202c1985 xo 0 slo
015 |a SNBRA19rr/mm-uuuuu 
035 |a CL0251135 
040 |a SNKBUCL  |b slo  |c SNKBUCL  |e AACR2 
041 0 |a slo 
044 |a xo  |c SK 
080 |a 621.315.687:621.316.34  |2 1981 
080 |a 621.316.34  |2 1981 
100 1 |a Žarnovičan, Juraj  |4 aut  |9 936309 
245 1 0 |a Káblové koncovky pre zapúzdrené SF6 rozvádzače  |c Juraj Žarnovičan, Štefan Mikuš 
300 |b Obr. 1., lit. 2 zázn. v slov., češ. 
650 0 7 |a rozvádzače SF6  |2 snkbucl  |9 936313 
650 0 7 |a koncovky káblové  |2 snkbucl  |9 936314 
655 7 |a články zo zborníkov  |2 snkbucl  |9 166140 
700 1 |a Mikuš, Štefan  |4 aut  |9 936308 
773 0 |t Silové káble 85  |d Bratislava : Dom techniky ČSVTS, 1985  |g S. 119-125 
850 |a Slovenská národná knižnica v Martine  |a MTA001 
852 |a SNK  |b KIS3GCP 
958 |a RK 
992 |a RZB 
999 |c 1487648  |d 1489578